| 000 | 01168cam a22003377a 4500 | ||
|---|---|---|---|
| 001 | 752 | ||
| 005 | 20230706112618.0 | ||
| 008 | 120229s2011 nyua j 000 0 eng d | ||
| 020 | _a9780545301701 | ||
| 020 | _a054530170X | ||
| 040 |
_aKCK _cKCK _dDLC _beng |
||
| 050 | 0 | 0 |
_aQL638.9 _bP33 2011 |
| 100 | 1 | _aPallotta, Jerry. | |
| 245 | 1 | 0 |
_aHammerhead vs. bull shark / _cby Jerry Pallotta ; illustrated by Rob Bolster. |
| 246 | 3 |
_aWho would win? : _bhammerhead vs. bull shark |
|
| 246 | 1 |
_iAt head of title : _aWho would win? |
|
| 246 | 3 | _aHammerhead versus bull shark | |
| 260 |
_aNew York : _bScholastic, _c2011. |
||
| 300 |
_a32 pages. : _bcollors. illustrations. ; _c23 cm. |
||
| 490 | 0 | _aWho would win? | |
| 505 | _aR | ||
| 520 | _aContains facts about hammerhead sharks and bull sharks, comparing such aspects as their sizes, brain structure, and abilities. | ||
| 521 |
_a780
_bLexile |
||
| 521 |
_aR
_bRaz-Plus |
||
| 650 | 0 |
_aSharks _vNonfiction |
|
| 650 | 0 |
_aHammerhead sharks _vNonfiction |
|
| 650 | 0 |
_aBull shark _vNonfiction |
|
| 700 | 1 | _aBolster, Rob. | |
| 906 |
_a7 _bcbc _ccopycat _d2 _encip _f20 _gy-gencatlg |
||
| 942 |
_2ddc _cBK _n0 |
||
| 999 |
_c752 _d752 |
||